Microeconomic Theory and Computation
| Titel: | Microeconomic Theory and Computation : Applying the Maxima Open-Source Computer Algebra System / by Michael R. Hammock, J. Wilson Mixon |
|---|---|
| Verfasser: | ; |
| Ausgabe: | 1st ed. 2013 |
| Veröffentlicht: | New York, NY : Springer New York, 2013 |
| Umfang: | 1 Online-Ressource (XIX, 385 Seiten) : 275 illus., 8 illus. in color. |
| Format: | E-Book |
| Sprache: | Englisch |
| RVK-Notation: |
·
|
| Andere Ausgaben: |
Erscheint auch als Druck-Ausgabe: Hammock, Michael R. Microeconomic Theory and Computation. - New York, NY : Springer New York, 2013
|
| ISBN: | 9781461494171 ; 1461494176 ; 9781461494164 ; 9781461494188 ; 9781493943111 |
| Hinweise zum Inhalt: |
Inhaltsverzeichnis
Ausführliche Beschreibung |
alg: 33423574 001A $01999:02-12-13 001B $06055:04-04-24 $t12:29:34.000 001D $01999:02-12-13 001U $0utf8 001X $00 002@ $0Oax 002C $aText $btxt $2rdacontent 002D $aComputermedien $bc $2rdamedia 002E $aOnline-Ressource $bcr $2rdacarrier 003@ $033423574X 003O $0864452220 $aOCoLC 004A $A978-1-4614-9417-1 004A $01-4614-9417-6 004E/04 $0SpringerNature-11643 $fSubject Collection Business and Economics 004E/04 $0SpringerNature-43720 $fSubject Collection Economics and Finance (R0) 004O $A978-1-4614-9416-4 $Sp 004O $A978-1-4614-9418-8 $Sp 004O $A978-1-4939-4311-1 $Sp 004P $010.1007/978-1-4614-9417-1 $SV533 007A $033423574X $aHEB 007I $0Springer978-1-4614-9417-1 009P $qtext/html $3Inhaltsverzeichnis $uhttp://scans.hebis.de/HEBCGI/show.pl?33423574_toc.html $mX:DE-He213 009P $qtext/html $3Ausführliche Beschreibung $uhttp://scans.hebis.de/HEBCGI/show.pl?33423574_aub.html $mX:DE-He213 009Q $SV533 $uhttps://doi.org/10.1007/978-1-4614-9417-1 $xR 010@ $aeng 010E $erda 011@ $a2013 017B $aZDB-2-SBE 017B $aZDB-2-SXEF 021A $aMicroeconomic Theory and Computation $dApplying the Maxima Open-Source Computer Algebra System $hby Michael R. Hammock, J. Wilson Mixon 028A $aHammock $BVerfasser $dMichael R $4aut 028C $aMixon $BVerfasser $dJ. Wilson $4aut 032@ $a1st ed. 2013 033A $pNew York, NY $nSpringer New York 033E $pCham $nSpringer International Publishing AG 034D $a1 Online-Ressource (XIX, 385 Seiten) 034M $a275 illus., 8 illus. in color. 039D $aErscheint auch als $tMicroeconomic Theory and Computation $dNew York, NY $eSpringer New York $f2013 $z978-1-4614-9416-4 $lHammock, Michael R $nDruck-Ausgabe 044A $aMicroeconomics $S#0 $N650 044A $aEconometrics $S#0 $N650 044A $aGame theory $S#0 $N650 044A $aComputer software $S#0 $N650 044A $aMicroeconomics $S14 $N650 044A $aEconometrics $S24 $N650 044A $aGame Theory $S24 $N650 044A $aMathematical Software $S24 $N650 044K $qDNB $RWirtschaftstheorie $RVolkswirtschaftslehre $#Microeconomics $#Microéconomie $#Microeconomía $#Mikroökonomik $#Mikroökonomie $#Mikroökonomik $74039225-9 $8Mikroökonomie [Ts1] $9085106909 044K/01 $qDNB $8Computeralgebra [Ts1] $9085020753 045B $a338.5 $eDDC23eng 045Z $8QC 100 [Tkv] $9411124374 045Z $8ST 510 [Tkv] $9412314525 lok: 33423574 5 exp: 33423574 5 1 #EPN 201B/01 $002-12-13 $t22:50:57.000 201U/01 $0utf8 203@/01 $0723884471 204P/01 $010.1007/978-1-4614-9417-1 $SV533 208@/01 $a02-12-13 $bl lok: 33423574 10 exp: 33423574 10 1 #EPN 201B/01 $002-12-13 $t22:50:57.000 201U/01 $0utf8 203@/01 $072388448X 204P/01 $010.1007/978-1-4614-9417-1 $SV533 208@/01 $a02-12-13 $bl lok: 33423574 20 exp: 33423574 20 1 #EPN 201B/01 $002-12-13 $t22:50:57.000 201U/01 $0utf8 203@/01 $0723884498 204P/01 $010.1007/978-1-4614-9417-1 $SV533 208@/01 $a02-12-13 $bl lok: 33423574 21 exp: 33423574 21 1 #EPN 201B/01 $002-12-13 $t22:50:57.000 201U/01 $0utf8 203@/01 $0723884501 204P/01 $010.1007/978-1-4614-9417-1 $SV533 208@/01 $a02-12-13 $bl lok: 33423574 23 exp: 33423574 23 1 #EPN 201B/01 $002-12-13 $t22:50:57.000 201U/01 $0utf8 203@/01 $072388451X 204P/01 $010.1007/978-1-4614-9417-1 $SV533 208@/01 $a02-12-13 $bl
| LEADER | 00000cam a22000002c 4500 | ||
|---|---|---|---|
| 001 | 33423574X | ||
| 003 | DE-603 | ||
| 005 | 20240404122934.0 | ||
| 007 | cr|||||||||||| | ||
| 008 | 131202s2013 xx |||| o| u00||u|eng c | ||
| 020 | |a 9781461494171 | ||
| 020 | |a 1461494176 | ||
| 024 | 7 | |a 10.1007/978-1-4614-9417-1 |2 doi | |
| 028 | 5 | 2 | |a SpringerNature-11643 |
| 028 | 5 | 2 | |a SpringerNature-43720 |
| 035 | |a (DE-599)HEB33423574X | ||
| 035 | |a (OCoLC)864452220 | ||
| 040 | |a DE-603 |b ger |c DE-603 |d DE-603 |e rda | ||
| 041 | |a eng | ||
| 082 | 7 | |a 338.5 |2 23/eng | |
| 084 | |a QC 100 |0 (DE-625)141244: |0 (DE-603)411124374 |2 rvk | ||
| 084 | |a ST 510 |0 (DE-625)143676: |0 (DE-603)412314525 |2 rvk | ||
| 100 | 1 | |a Hammock, Michael R |e Verfasser |4 aut | |
| 245 | 0 | 0 | |a Microeconomic Theory and Computation |b Applying the Maxima Open-Source Computer Algebra System |c by Michael R. Hammock, J. Wilson Mixon |
| 250 | |a 1st ed. 2013 | ||
| 264 | 1 | |a New York, NY |b Springer New York |c 2013 | |
| 264 | 2 | |a Cham |b Springer International Publishing AG | |
| 300 | |a 1 Online-Ressource (XIX, 385 Seiten) |b 275 illus., 8 illus. in color. | ||
| 336 | |a Text |b txt |2 rdacontent | ||
| 337 | |a Computermedien |b c |2 rdamedia | ||
| 338 | |a Online-Ressource |b cr |2 rdacarrier | ||
| 650 | 7 | |a Mikroökonomie |0 (DE-588)4039225-9 |0 (DE-603)085106909 |2 gnd | |
| 650 | 7 | |a Computeralgebra |0 (DE-588)4010449-7 |0 (DE-603)085020753 |2 gnd | |
| 700 | 1 | |a Mixon, J. Wilson |e Verfasser |4 aut | |
| 776 | 0 | 8 | |i Erscheint auch als |n Druck-Ausgabe |a Hammock, Michael R |t Microeconomic Theory and Computation |d New York, NY : Springer New York, 2013 |z 9781461494164 |
| 776 | 1 | |z 9781461494164 | |
| 776 | 1 | |z 9781461494188 | |
| 776 | 1 | |z 9781493943111 | |
| 856 | |u https://doi.org/10.1007/978-1-4614-9417-1 |x Resolving-System | ||
| 856 | 4 | 2 | |m X:DE-He213 |q text/html |u http://scans.hebis.de/HEBCGI/show.pl?33423574_toc.html |3 Inhaltsverzeichnis |
| 856 | 4 | 2 | |m X:DE-He213 |q text/html |u http://scans.hebis.de/HEBCGI/show.pl?33423574_aub.html |3 Ausführliche Beschreibung |
| 912 | |a ZDB-2-SBE | ||
| 924 | 1 | |9 603 |a (DE-603)723884471 |b DE-603 |c HES |d d | |
| 924 | 1 | |9 603 |a (DE-603)72388448X |b DE-603 |c HES |d d | |
| 924 | 1 | |9 603 |a (DE-603)723884498 |b DE-603 |c HES |d d | |
| 924 | 1 | |9 603 |a (DE-603)723884501 |b DE-603 |c HES |d d | |
| 924 | 1 | |9 603 |a (DE-603)72388451X |b DE-603 |c HES |d d | |